000 00500nam a2200193 i 4500
001 bgj
100 1 _aBURCKHARDT, Jacob
_d(1818-1897).
245 1 0 _aGriechische Kulturgeschichte.
_cJacob Burckhardt.
_nBd. 3 /
260 _aBerlin :
_bRütten und Loening.
300 _aXX, 421 s. ;
_c23 cm.
650 9 _aHistoria
830 1 _aGesammelte Werke.
_nBd. VII.
040 _cBPK
041 0 _ager
044 _aDEU
080 _a93/94
942 _cKS
008 s gw f |000 0 ger
999 _c50700
_d50700
856 _uhttp://koha.tu.koszalin.pl/cgi-bin/koha/opac-detail.pl?biblionumber=50700
_yKatalog online BPK